| 000 | 01015nam a2200325Ia 4500 | ||
|---|---|---|---|
| 001 | Z_2822 | ||
| 003 | CHAP | ||
| 008 | 220113s1998 xx 000 0 und d | ||
| 010 | _a165864 | ||
| 020 | _a970-10-1728-5 \ 07216-5772-9 (obra original) | ||
| 040 | _cCHAP | ||
| 082 | _a636.089 T59 1998 | ||
| 100 |
_aTizard, Ian R. _9138723 |
||
| 245 |
_aInmunología veterinaria / _c Ian Tizard; traducción Martha Elena Araiza |
||
| 250 | _a5a ed. | ||
| 260 |
_aMéxico : _bMc Graw-Hill, _c1998 |
||
| 300 | _axxiv, 567 p. | ||
| 500 | _atraducción de la obra en inglés : Veterinary inmmunology | ||
| 503 | _aej.1: 204359 \ ej.2: 205580, \ ej.3: 209167-8 | ||
| 650 |
_aEnfermedades de los Animales _x _x Inmunología. _9138724 |
||
| 650 |
_aEnfermedades Inmunológicas _x _x Veterinaria _9138725 |
||
| 650 | 0 |
_aInmunología veterinaria _958821 |
|
| 700 |
_aAraiza, Martha Elena, tr. _9139909 |
||
| 901 | _a636.089 T59 1998 | ||
| 902 | _aM | ||
| 910 | _a1998 | ||
| 942 | _c1 | ||
| 942 | _cc1 | ||
| 999 |
_c165864 _d165864 |
||